书目信息 |
| 题名: |
电影剧作概论
|
|
| 作者: | 汪流 编 | |
| 分册: | ||
| 出版信息: | 北京 中国电影出版社 1985.5 |
|
| 页数: | 231页 | |
| 开本: | 20cm | |
| 丛书名: | ||
| 单 册: | ||
| 中图分类: | J904 | |
| 科图分类: | ||
| 主题词: | 电影 , 电视--艺术 | |
| 电子资源: | ||
| ISBN: | ||
| 000 | 00537nam0 2200205 45 | |
| 001 | 0312221749 | |
| 005 | 20031222171203.7 | |
| 010 | @dCNY1.80 | |
| 100 | @a20031222d1985 km y0chiy0120 ea | |
| 101 | @achi | |
| 105 | @a z 000yy | |
| 200 | 1 | @a电影剧作概论@ADian Ying Ju Zuo Gai Lun@f汪流编@FWang Liu Bian |
| 210 | @a北京@c中国电影出版社@d1985.5 | |
| 215 | @a231页@d20cm | |
| 606 | 0 | @a电影 |
| 606 | 0 | @a电视@x艺术 |
| 690 | @aJ904@v3 | |
| 701 | 0 | @a汪流@4编 |
| 801 | @aCN@bTSTCL@c20031222 | |
| 905 | @a213230@dJ904@e26@b138708-712@f5 | |
| 电影剧作概论/汪流编.-北京:中国电影出版社,1985.5 |
| 231页;20cm |
| ISBN :CNY1.80 |
| ● |
| 相关链接 |
|
|
|
|
正题名:电影剧作概论
索取号:J904/26
 
预约/预借
| 序号 | 登录号 | 条形码 | 馆藏地/架位号 | 状态 | 备注 |
| 1 | 0138708 | 001218266 | 密集书库/ [索取号:J904/26] | 在馆 | |
| 2 | 0138709 | 001418308 | 第一借阅区/ [索取号:J904/26] | 在馆 | |
| 3 | 0138710 | 001218257 | 密集书库/ [索取号:J904/26] | 在馆 | |
| 4 | 0138711 | 001218293 | 密集书库/ [索取号:J904/26] | 在馆 | |
| 5 | 0138712 | 001218300 | 第一样本阅览室/ [索取号:J904/26] | 在馆 |